Comprehensive care of Schizophrenia: (Record no. 29)

MARC details
000 -LEADER
fixed length control field 00597nam a22001937a 4500
003 - CONTROL NUMBER IDENTIFIER
control field OSt
005 - DATE AND TIME OF LATEST TRANSACTION
control field 20191001123109.0
008 - FIXED-LENGTH DATA ELEMENTS--GENERAL INFORMATION
fixed length control field 140630b xxu||||| |||| 00| 0 eng d
020 ## - INTERNATIONAL STANDARD BOOK NUMBER
International Standard Book Number 1841841501
040 ## - CATALOGING SOURCE
Transcribing agency ldc
082 ## - DEWEY DECIMAL CLASSIFICATION NUMBER
Classification number WM203 C738t 2001
100 ## - MAIN ENTRY--PERSONAL NAME
Personal name Editors Jeffrey, A. Lieberman; Robin, M Murray
9 (RLIN) 12966
245 ## - TITLE STATEMENT
Title Comprehensive care of Schizophrenia:
Remainder of title a textbook of clinical Management
260 ## - PUBLICATION, DISTRIBUTION, ETC. (IMPRINT)
Place of publication, distribution, etc. Italy:
Name of publisher, distributor, etc. Martin Dunitz,
Date of publication, distribution, etc. 2001.
300 ## - PHYSICAL DESCRIPTION
Extent xviii ; 374 p :
Other physical details ill ;
Dimensions 25cm.
504 ## - BIBLIOGRAPHY, ETC. NOTE
Bibliography, etc includes bibliographical references and index
650 ## - SUBJECT ADDED ENTRY--TOPICAL TERM
Topical term or geographic name as entry element Psychiatry
9 (RLIN) 90
942 ## - ADDED ENTRY ELEMENTS (KOHA)
Source of classification or shelving scheme Other/Generic Classification Scheme
Koha item type Open Shelf
Holdings
Withdrawn status Lost status Source of classification or shelving scheme Damaged status Not for loan Home library Current library Date acquired Source of acquisition Inventory number Total Checkouts Full call number Barcode Date last seen Price effective from Koha item type
    Other/Generic Classification Scheme     MUST Main Library MUST Main Library 30/06/2014   2007/28606   WM203 C738t 2001 2014-0039 30/06/2014 30/06/2014 Open Shelf